Text Book of Botany: Diversity and Systematics of Seed Plants: (Record no. 221593)

MARC details
000 -LEADER
fixed length control field 01794nam a22003137a 4500
005 - DATE AND TIME OF LATEST TRANSACTION
control field 20220224143611.0
008 - FIXED-LENGTH DATA ELEMENTS--GENERAL INFORMATION
fixed length control field 220224b ||||| |||| 00| 0 eng d
020 ## - INTERNATIONAL STANDARD BOOK NUMBER
International Standard Book Number 9788171339573
040 ## - CATALOGING SOURCE
Transcribing agency Aloy
041 ## - LANGUAGE CODE
Language code of text/sound track or separate title eng
082 ## - DEWEY DECIMAL CLASSIFICATION NUMBER
Edition number 23
Classification number 581
Item number SINT
100 ## - MAIN ENTRY--PERSONAL NAME
Personal name V Singh and others
100 ## - MAIN ENTRY--PERSONAL NAME
9 (RLIN) 21827
245 ## - TITLE STATEMENT
Title Text Book of Botany: Diversity and Systematics of Seed Plants:
Remainder of title Gymnosperms and Taxonomy of Angiosperms
250 ## - EDITION STATEMENT
Edition statement 3rd ed.
260 ## - PUBLICATION, DISTRIBUTION, ETC.
Place of publication, distribution, etc. Meerut
Name of publisher, distributor, etc. Rastogi Publications
Date of publication, distribution, etc. 2015
300 ## - PHYSICAL DESCRIPTION
Extent viii,255 p.
Other physical details PB
Dimensions 24x13 cm.
365 ## - TRADE PRICE
Source of price type code Botany
Price type code MLSH21CRB335
Price amount 188.00
Currency code
Unit of pricing 235.00
Price note 20-02-2022
520 ## - SUMMARY, ETC.
Summary, etc. CONTENTS: Section-I Gymnosperms: 1. Gymnosperms: General Characters and Affinities, 2. Gymnosperms: Classification and Distribution, 3. Pteridospermopsida: Lyginopteris; Heterangium; Glossopteris, 4. Cycadeoidospida (Bennettiopsida) Cycadeoidales: Ptilophyllum, Williamsonia, Cycadeodea, 5. Cycadales: Cycas, 6. Coniferales: Pinus, 7. Taxales: Taxus, 8. Ephedrales: Ephedra, 9. Gnetales :Gnetum<br/>Section-II Taxonomy: 1. Origin and Evolution of Angiosperms, 2. History of Taxonomy and Systems of Classification, 3. Plant Identification and Taxonomic Keys, 4. Taxonomic Litrature, 5. Plant Nomenclature, 6. Herbarium Techniques, 7. Modern Trends in Plant Taxonomy, 8. Synopsis of Selected Families, 9. Some Important Families of Dicotyledons, 10. Some Important Families of Monocotyledons, 11. Primitive Angiosperms, Botanical Survay of India
650 ## - SUBJECT ADDED ENTRY--TOPICAL TERM
Topical term or geographic name entry element Botany
9 (RLIN) 21811
650 ## - SUBJECT ADDED ENTRY--TOPICAL TERM
Topical term or geographic name entry element Gymnosperms
9 (RLIN) 21812
650 ## - SUBJECT ADDED ENTRY--TOPICAL TERM
Topical term or geographic name entry element Taxonomy
9 (RLIN) 21813
650 ## - SUBJECT ADDED ENTRY--TOPICAL TERM
Topical term or geographic name entry element Dicotyledons
9 (RLIN) 21814
650 ## - SUBJECT ADDED ENTRY--TOPICAL TERM
Topical term or geographic name entry element Monocotyledons
9 (RLIN) 21815
650 ## - SUBJECT ADDED ENTRY--TOPICAL TERM
Topical term or geographic name entry element Botanical Survey of India
9 (RLIN) 21816
700 ## - ADDED ENTRY--PERSONAL NAME
Personal name SINGH (V)
9 (RLIN) 21817
700 ## - ADDED ENTRY--PERSONAL NAME
Personal name PANDE (P C)
9 (RLIN) 21818
700 ## - ADDED ENTRY--PERSONAL NAME
Personal name JAIN (D K)
9 (RLIN) 21819
942 ## - ADDED ENTRY ELEMENTS (KOHA)
Source of classification or shelving scheme Dewey Decimal Classification
Koha item type Book
Holdings
Withdrawn status Lost status Source of classification or shelving scheme Damaged status Not for loan Collection code Home library Current library Date acquired Source of acquisition Cost, normal purchase price Total Checkouts Full call number Barcode Date last seen Date last checked out Cost, replacement price Price effective from Koha item type
    Dewey Decimal Classification     Botany St Aloysius Library St Aloysius Library 02/24/2022 Sapna Book House Pvt Ltd, Mangalore-575001 188.00 1 581 SINT 075493 02/15/2023 02/10/2023 235.00 02/24/2022 Book